000
00255nam a22001217a 4500
008
170627b xxu||||| |||| 00| 0 eng d
041
_a
eng
080
_a
82
100
_a
21
101
_a
GJL
245
_a
THE ESSENTIAL SELF
_c
BERRY, P
942
_2
udc
_c
BK
999
_c
19268
_d
19268